Interaction between rootstock and scion on endogenous phytohormones in latex of Hevea brasiliensis grafted (Record no. 61496)

MARC details
000 -LEADER
fixed length control field 01814nam a2200181Ia 4500
100 ## - MAIN ENTRY--AUTHOR NAME
Personal name Jian-hua Cao
245 #0 - TITLE STATEMENT
Title Interaction between rootstock and scion on endogenous phytohormones in latex of Hevea brasiliensis grafted
260 ## - PUBLICATION, DISTRIBUTION, ETC. (IMPRINT)
Name of publisher Proceedings of IRRDB Conference: NR Industry: Responding to Globalization, 7-8 September 2004, Kunming International Convention & Exhibition Center, China. pp.350-354.
520 ## - SUMMARY, ETC.
Summary, etc Three kinds of endogenous phytohormones, IAA, iPAs and ABA, in latex of inter-grafted and self-grafted (CK) consisting of self-root clones, Haiken2 and SCATC88-13, were determined by plant hormonal immunoassay. The differences among them were analyzed. The results indicated that budgrafting had apparently effects on the contents of IAA, iPAs and ABA in latex of rootstocks and scions. It could increase apparently IAA content, and decrease iPAs content in latex of rootstocks and scions. It could increase apparently IAA content, and decrease iPAs content in latex of rootstocks and scions in different degrees. However, the effect on ABA content in rootstocks and scions of budgrafting was correlative with grafted clones and grafting models, rootstocks or scion. The interaction between rootstock and scion represented positively or negatively because of differences in grafted clones or grafting modes. The degree of interaction differed because of differences in grafted clones or grafting modes. The degree of interaction differed between clones. Haiken2 was affected by SCATC88-13 more evident than that of SCATC88-13 by Haiken2.
650 ## - SUBJECT ADDED ENTRY--TOPICAL TERM
Topical Term Endogenous phytohormones
650 ## - SUBJECT ADDED ENTRY--TOPICAL TERM
Topical Term Hevea brasiliensis
650 ## - SUBJECT ADDED ENTRY--TOPICAL TERM
Topical Term Interaction
650 ## - SUBJECT ADDED ENTRY--TOPICAL TERM
Topical Term Rootstock and scion
700 ## - ADDED ENTRY--PERSONAL NAME
Personal name Jum-Ming Chen
700 ## - ADDED ENTRY--PERSONAL NAME
Personal name Wei-fu Lin
942 ## - ADDED ENTRY ELEMENTS (KOHA)
Koha item type Journals
Holdings
Withdrawn status Lost status Damaged status Not for loan Home library Current library Shelving location Date acquired Koha item type
      Journals RRII Library RRII Library Physiology 17/12/2021 Journals